The uses of the university

Αποθηκεύτηκε σε:
Λεπτομέρειες βιβλιογραφικής εγγραφής
Κύριος συγγραφέας: Kerr, Clark
Μορφή: Βιβλίο
Γλώσσα:English
Δημοσίευση: Cambridge : Harvard University Press, 2001
Έκδοση:5η έκδ.
Θέματα:
Ετικέτες: Προσθήκη ετικέτας
Δεν υπάρχουν, Καταχωρήστε ετικέτα πρώτοι!

MARC

LEADER 00000nam a2200000 i 4500
001 1/57005
008 140925s2001 eng d
020 |a 0-674-00532-5 
035 |l 10119276 
040 |a GR-MY-UA  |b gre  |e aacr 
041 0 |a eng 
082 0 |a 378  |2 (23) 
100 1 |a Kerr, Clark. 
245 1 4 |a The uses of the university /  |c Clark Kerr 
250 |a 5η έκδ. 
260 |a Cambridge :   |b Harvard University Press,   |c 2001 
300 |a xiii., 261 σ.;  |c 21 εκ. 
500 |a With a new chapter and preface 
504 |a Περιέχει βιβλιογραφικές παραπομπές και ευρετήριο 
650 0 0 |a Education, Higher. 
650 0 0 |a Universities and colleges. 
852 |a INST  |b RHODES  |e 20140925  |h 378 KER  |p 005400036873  |q 005400036873  |t BK  |y 0 
901 |a BIBL4-2014-3 
909 |a Ρ  |b 189222 
922 |a 4ΕΛΗ  |b 201405  |c ΤΑΚ/ΠΤΔΕ  |d ΔΙΑΔΡΟΜΕΣ 
970 |z 2014/09/25